000 00324nam a22001457a 4500
008 231102b ||||| |||| 00| 0 eng d
020 _a0198544812
041 _aeng
080 _a575
082 _a575COW
100 _a44
101 _aTEOLO
245 _aTHE PRECAMBRIAN-CAMBRIAN BOUNDARY
_cCOWIE.W.J
942 _2udc
_cBK
999 _c60495
_d60495